=LDR 00000nam 2200000 4500 =001 INLIS000000000047771 =005 20200302094114 =035 ##$$a 0010-021600000000159 =008 200302################g##########0#ind## =020 ##$$a 978-1-57731-939-9 =040 ##$$a NBPDMAT =082 ##$$a 153.6 =090 ##$$a 153.6 Woo s =100 ##$$a Wood, Patti =245 1#$$a SNAP : $b Making the most of firt impressions, body language & charisma /$c Patti wood =260 ##$$a California :$b new world library,$c 2012 =300 ##$$a 266 hlm ; $c 14 x 21,5 =500 ##$$a Bibliografi hlm : 249 - 256 =500 ##$$a Indeks hlm. : 257 - 266 =650 #4$$a Komunikasi =850 ##$$a NBPDMAT =084 ##$$a 153.6 WOO s =990 ##$$a 31500695